000 01156cam a2200205 4500500
005 20251228065556.0
041 _afre
042 _adc
100 1 0 _aDeloche, Sandrine
_eauthor
245 0 0 _aCourts-circuits et circuits courts
260 _c2020.
500 _a89
520 _aUne des voies de résistance exigeant la sauvegarde d’une psychiatrie humaniste consiste à défendre le soin psychique dans sa visée écologique : accueillir la diversité du vivant, prendre soin du milieu, écouter la singularité de chacun, s’engager sur la durée. En somme, la remise sur pied du dispositif sectoriel tel qu’il fut pensé à son origine. Une offre locale en circuit court répondant aux besoins de la cité et non aux attendus hors-sol d’une manne techno-financière qui nous mène dans le mur.
690 _aÉcologie
690 _apolitique de santé
690 _apsychiatrique de secteur
690 _asoin psychique
786 0 _nVST - Vie sociale et traitements | 147 | 3 | 2020-07-28 | p. 87-91 | 0396-8669
856 4 1 _uhttps://shs.cairn.info/revue-vie-sociale-et-traitements-2020-3-page-87?lang=fr&redirect-ssocas=7080
999 _c1591821
_d1591821